000 00566nam a2200145Ia 4500
008 100122s9999 xx 000 0 und d
082 _b45438
_a823.08
100 _aखेर भा द
245 _aमहीपतीचा गोष्टीरुप भक्तविजय
260 _bश्रध्दा प्रकाशन
_c1991
300 _a308
630 _aमहीपतीचा गोष्टीरुप भक्तविजय
730 _aमहीपतीचा गोष्टीरुप भक्तविजय
942 _cBOOK
999 _c424908
_d424905